A guide to centres of international lending

Saved in:
Bibliographic Details
Main Author: Barwick, Margaret M.
Other Authors: Connolly, Pauline A.
Format: Book
Language:English
Published: Boston Spa, England : IFLA Office for International Lending, c1995.
Edition:5th ed.
Subjects:
Tags: Add Tag
No Tags, Be the first to tag this record!

MARC

LEADER 00000cam a2200000 i 4500
001 1/37
008 000403s1995 mau| ||| |||| ||eng||
020 |a 0712321128 
035 |l 10059514 
040 |a GR-MyUa  |b gre  |e AACR2 
041 0 |a eng 
082 7 |a 025.62025   |2 (22) 
100 1 |a Barwick, Margaret M. 
245 1 2 |a A guide to centres of international lending /   |c compiled and edited by Margaret M. Barwick and Pauline A. Connolly. 
250 |a 5th ed. 
260 |a Boston Spa, England :   |b IFLA Office for International Lending,   |c c1995. 
300 |a xxviii, 141 σ. ;   |c 30 εκ. 
650 0 |a International librarianship  |x Directories. 
650 0 |a Photocopying services in libraries  |x Directories. 
700 1 |a Connolly, Pauline A. 
852 |a INST  |b LESVOS  |e 20000403  |h 025.62025 BAR  |p 005100020138  |q 005100020138  |t REF  |y 23 
901 |a BIBL1-2000-1 
922 |a 1ΕΛΗ  |b 200001  |c ΚΠΣ/ΚΥΒ  |d LEADER 
950 |a 023-1998-09-14 
970 |a ΤΖΑΦΕΡΗ  |b ΕΥΑΓΓΕΛΙΑ  |z 2000/04/08